000 00539cam a22002291 4500
001 sa 66002273
003 DLC
005 20260227112228.0
008 900116s1963 ii b 000 0 hino
010 _asa 66002273
035 _a(OCoLC)20907752
040 _aDLC
_cWaU
_dDLC
042 _apremarc
050 0 0 _aBF458
_b.A4
100 1 _aAgrawal, Padma,
_d1922-
245 1 0 _aPratīkavāda.
260 _c[1963]
300 _a260 p.
_c23 cm.
500 _aIn Hindi.
504 _aBibliography: p. 257-260.
650 0 _aSymbolism.
999 _c68266
_d68266